000 00452nam a2200145Ia 4500
008 090124s9999 xx 000 0 und d
082 _b201193
245 _a उभे धागे: आडवे धागे
250 _a1
260 _bमाडगूळकर ग.दि.
_c1972
300 _a208
630 _a उभे धागे: आडवे धागे
730 _a उभे धागे: आडवे धागे
942 _cBOOK
999 _c182774
_d182774